Z iloma Państwami Graniczy Podany Kraj (Ameryka Północna) - Statystyki

Ogólne statystyki
  • Ten quiz został rozwiązany 830 razy
    815 od ostatniego zresetowania
  • Średni wynik to 10 z 10
Statystyki odpowiedzi
Państwo Odpowiedź % Poprawnych
Kanada 1
100%
Stany Zjednoczone 2
100%
Meksyk 3
100%
Gwatemala 4
100%
Haiti 1
99%
Dominikana 1
99%
Panama 2
99%
Salwador 2
99%
Kuba 0
98%
Trynidad i Tobago 0
98%
Nie znaleziono quizów pasujących do podanych kryteriów
Rozkład punktacji
Procent ludzi z każdym wynikiem
Percentyl według liczby udzielonych odpowiedzi
Twoja historia wyników
Nie rozwiązałeś tego quizu od ostatniego zresetowania